| 000 | 00925nam a22002657a 4500 | ||
|---|---|---|---|
| 003 | BD-DhSAU | ||
| 005 | 20161205131842.0 | ||
| 008 | 161006b2015 bg ad||| |||| 00| 0 eng d | ||
| 040 | _aBD-DhSAU | ||
| 082 |
_222 _a631.5233 _bY33 |
||
| 100 | _aYeasmin, Farhana | ||
| 245 |
_aMultivariate analysis and character association of sesame (Sesamum indicum L.) _c Farhana Yeasmin |
||
| 260 |
_aDhaka : _bSher- e- Bangla Agricultural University , _c2015 |
||
| 300 |
_aix , 76 p. : _bill. ; _c30 cm. |
||
| 504 | _aIncludes references | ||
| 590 | _aKamim | ||
| 650 | _aGenetics | ||
| 650 | _aPlant Breeding | ||
| 650 | _aMultivariate analysis | ||
| 650 | _aCharacter association of sesame (Sesamum indicum L.) | ||
| 700 |
_aIslam, Mohammad Saiful _4Supervisor |
||
| 700 |
_aHossain, Md. Sarowar _4Co-Supervisor |
||
| 856 |
_uhttp://archive.saulibrary.edu.bd:8080/handle/123456789/949 _yOnline Access |
||
| 942 |
_2ddc _cTHESIS |
||
| 999 |
_c13619 _d13618 |
||